Places in Nevada - sudden death - Statistics

General Stats
  • This quiz has been taken 55 times
    45 since last reset
  • The average score is 13 of 27
Answers on the Grid
Answers color-coded by a green-red scale on the quiz's grid according to % correct below.
Loch Ness
Las Vegas
Hoover Dam
Rialto Bridge
Richmond
Mount Charleston
Sheremetyevo Airport
Marseille
Lake Mead
Site of the land speed record
Carson City
Three Cowboys
Red Rock Canyon
Louisville
A university
Banjarmasin
The Raiders' stadium
Paiute-Shoshone Reservation
A border with Idaho
Lake Tahoe
Monaco
Washington's birthplace
A glacier
Colorado River
Lone Steer
Ngong
Annaba
Truckee River
Parakou
Huế
Okayama
Elko
Zahedan
Taloqan
Tupac Shakur murder location
Reno
Winnemucca
Death Valley National Park
Bharatpur
A border with Oregon
Chongjin
Franceville
Kenema
Caesar's Palace
Sarh
Black Rock Desert
Portoviejo
Sparks
Mojave Desert
A border with New Mexico
Land below sea level
El-Gadarif
Goshute Reservation
Pahrump
 
Answer Stats
Answer % Correct
Las Vegas
100%
Hoover Dam
80%
Carson City
75%
Reno
70%
Colorado River
65%
Lake Mead
65%
Lake Tahoe
65%
The Raiders' stadium
60%
Caesar's Palace
55%
Tupac Shakur murder location
55%
A border with Idaho
50%
Elko
50%
Mojave Desert
50%
A border with Oregon
45%
A university
45%
Sparks
40%
Black Rock Desert
35%
Mount Charleston
35%
Pahrump
35%
Red Rock Canyon
35%
Truckee River
35%
Goshute Reservation
30%
Site of the land speed record
30%
Winnemucca
30%
Death Valley National Park
25%
Paiute-Shoshone Reservation
20%
A glacier
10%
No matching quizzes found
Score Distribution
Percent of People with Each Score
Percentile by Number Answered
Your Score History
You have not taken this quiz since the last reset